[Event "POR-chT"]
[Site "Soure"]
[Date "2025.07.19"]
[Round "8.11"]
[White "Martinez Duany, Lelys Stanley"]
[Black "Barria, Jose"]
[Result "1/2-1/2"]
[WhiteElo "2459"]
[BlackElo "2371"]
[PlyCount "80"]
[EventDate "2025.07.14"]
[EventType "team-tourn"]
[EventRounds "9"]
[EventCountry "POR"]
[SourceTitle "CB30_2025"]
[SourceDate "2025.07.23"]
[SourceVersion "1"]
[SourceVersionDate "2025.07.23"]
[SourceQuality "1"]
[WhiteTeam "Dias Ferreira"]
[BlackTeam "Vitoria"]
[WhiteTeamCountry "POR"]
[BlackTeamCountry "POR"]

1. Nf3 Nf6 2. g3 g6 3. b3 Bg7 4. Bb2 0-0 5. Bg2 d6 6. d4 a5 7. c4 c6 8. Nc3 d5 9. 0-0 Ne4 10. Rc1 Nxc3 11. Rxc3 Nd7 12. cxd5 cxd5 13. a4 b6 14. Qc2 Ba6 15. Rc1 Rc8 16. Rxc8 Qxc8 17. Ba3 Qxc2 18. Rxc2 Rd8 19. Rc7 Bf8 20. Bf1 e6 21. Bxf8 Kxf8 22. Ra7 Bc8 23. e3 f6 24. Bb5 Ke7 25. Ne1 Kd6 26. f4 e5 27. fxe5+ fxe5 28. Nf3 e4 29. Ng5 Rf8 30. Ra8 Bb7 31. Rxf8 Nxf8 32. Nf7+ Ke7 33. Ne5 Bc8 34. h4 Nd7 35. Nc6+ Kd6 36. Na7 Bb7 37. Kf2 h6 38. Be2 Nf6 39. Ke1 Kc7 40. Kf2 Bc6 1/2-1/2

[Event "POR-chT"]
[Site "Soure"]
[Date "2025.07.15"]
[Round "2.11"]
[White "Barria, Jose"]
[Black "Kadric, Denis"]
[Result "1/2-1/2"]
[WhiteElo "2371"]
[BlackElo "2543"]
[PlyCount "218"]
[EventDate "2025.07.14"]
[EventType "team-tourn"]
[EventRounds "9"]
[EventCountry "POR"]
[SourceTitle "CB30_2025"]
[SourceDate "2025.07.23"]
[SourceVersion "1"]
[SourceVersionDate "2025.07.23"]
[SourceQuality "1"]
[WhiteTeam "Vitoria"]
[BlackTeam "Estrelas S Joao de Brito"]
[WhiteTeamCountry "POR"]
[BlackTeamCountry "POR"]

1. d4 d6 2. Nf3 Nf6 3. c4 g6 4. Nc3 Bf5 5. d5 Bg7 6. Nd4 Bd7 7. e4 0-0 8. Be2 e6 9. dxe6 fxe6 10. Be3 Qe7 11. 0-0 Nc6 12. Qd2 a6 13. f3 Ne5 14. a3 b6 15. Rad1 Rfd8 16. Nc2 Be8 17. f4 Neg4 18. Bxg4 Nxg4 19. Bd4 Nf6 20. Bf2 Ng4 21. Bd4 Ne5 22. Qe2 c5 23. Bxe5 dxe5 24. f5 gxf5 25. exf5 exf5 26. Ne3 f4 27. Nf5 Qg5 28. Nxg7 Qxg7 29. Nd5 b5 30. Rde1 bxc4 31. Qxe5 Qxe5 32. Rxe5 Bf7 33. Nxf4 Rab8 34. Re2 c3 35. Rc2 cxb2 36. Rb1 Rd4 37. g3 Ra4 38. Rbxb2 Rxb2 39. Rxb2 Rxa3 40. Rb7 c4 41. Kf2 Ra2+ 42. Ke3 Rxh2 43. Ra7 Rh6 44. Rc7 Rd6 45. g4 h6 46. Rc5 Kg7 47. g5 hxg5 48. Rxg5+ Kf6 49. Rc5 Ke7 50. Rc7+ Ke8 51. Ne2 Rd3+ 52. Ke4 Bg6+ 53. Kf4 Bh5 54. Nc1 Rc3 55. Na2 Ra3 56. Nb4 a5 57. Rxc4 axb4 58. Rxb4 Bf7 59. Rb7 Ra5 60. Rc7 Kf8 61. Rb7 Kg7 62. Rb6 Bg6 63. Rd6 Rf5+ 64. Ke3 Kh6 65. Kd4 Rf4+ 66. Kc5 Kg5 67. Re6 Kf5 68. Re1 Kf6 69. Re3 Be4 70. Kd6 Kf5 71. Rh3 Bf3 72. Rh8 Rc4 73. Rf8+ Ke4 74. Re8+ Kd4 75. Rh8 Rc6+ 76. Kd7 Ra6 77. Rd8 Bd5 78. Ke7 Ke5 79. Rd7 Rh6 80. Rc7 Bc6 81. Kf8 Be4 82. Ke7 Bd5 83. Rd7 Rh8 84. Rc7 Rg8 85. Rd7 Rg6 86. Rc7 Rh6 87. Rd7 Rc6 88. Kd8 Be6 89. Rc7 Ra6 90. Ke7 Ra8 91. Rc5+ Bd5 92. Rc7 Rh8 93. Rd7 Bc6 94. Rc7 Rh7+ 95. Kd8 Rh6 96. Ke7 Kd5 97. Rc8 Ba4 98. Rc7 Re6+ 99. Kf7 Be8+ 100. Kf8 Kd6 101. Rc1 Bc6 102. Rd1+ Bd5 103. Kg7 Re5 104. Kf6 Re2 105. Ra1 Rf2+ 106. Kg5 Ke5 107. Ra5 Rg2+ 108. Kh5 Ke4 109. Kh4 Ke5 1/2-1/2

[Event "POR-chT"]
[Site "Soure"]
[Date "2025.07.15"]
[Round "3.15"]
[White "Grieve, Harry"]
[Black "Barria, Jose"]
[Result "1/2-1/2"]
[WhiteElo "2468"]
[BlackElo "2371"]
[PlyCount "111"]
[EventDate "2025.07.14"]
[EventType "team-tourn"]
[EventRounds "9"]
[EventCountry "POR"]
[SourceTitle "CB30_2025"]
[SourceDate "2025.07.23"]
[SourceVersion "1"]
[SourceVersionDate "2025.07.23"]
[SourceQuality "1"]
[WhiteTeam "Pontinha"]
[BlackTeam "Vitoria"]
[WhiteTeamCountry "POR"]
[BlackTeamCountry "POR"]

1. e4 c5 2. Nf3 d6 3. d4 cxd4 4. Nxd4 Nf6 5. Nc3 a6 6. Bc4 e6 7. Be3 b5 8. Bb3 Be7 9. a3 0-0 10. Qe2 Bb7 11. f3 Nc6 12. 0-0-0 b4 13. Nxc6 Bxc6 14. axb4 Qb8 15. Rd4 Ne8 16. Rhd1 Bf6 17. Rc4 Qb7 18. Qd2 Bb5 19. Rd4 Bxd4 20. Qxd4 Bc6 21. Qb6 Rb8 22. Qxb7 Rxb7 23. e5 dxe5 24. Bc5 Nf6 25. Bxf8 Kxf8 26. Rd8+ Ke7 27. Ra8 Rxb4 28. Rxa6 Bb7 29. Ra4 Rxa4 30. Bxa4 g5 31. Kd2 h5 32. Ke2 h4 33. Nd1 g4 34. fxg4 Nxg4 35. g3 Ba6+ 36. Ke1 Nxh2 37. gxh4 Nf3+ 38. Kf2 Nxh4 39. b4 f5 40. Bc6 Kd6 41. b5 Bc8 42. Nb2 Ng6 43. Na4 e4 44. c4 Ne5 45. c5+ Kc7 46. Ba8 Kb8 47. Bxe4 fxe4 48. Ke3 Nc4+ 49. Kxe4 Na3 50. Nc3 Kc7 51. Ke5 Bd7 52. c6 Bc8 53. Ne4 Nc4+ 54. Kd4 Nd6 55. Ng5 Kb6 56. Nxe6 1/2-1/2

[Event "Lisbon Alekhine Cup 2nd"]
[Site "Lisbon"]
[Date "2025.02.05"]
[Round "6"]
[White "Morais, Miguel Almeida"]
[Black "Barria, Jose"]
[Result "1-0"]
[WhiteElo "2132"]
[BlackElo "2370"]
[PlyCount "73"]
[EventDate "2025.01.28"]
[EventType "tourn"]
[EventRounds "7"]
[EventCountry "POR"]
[SourceTitle "CB07_2025"]
[SourceDate "2025.02.12"]
[SourceVersion "1"]
[SourceVersionDate "2025.02.12"]
[SourceQuality "1"]

1. d4 Nf6 2. c4 e6 3. Nf3 c5 4. d5 exd5 5. cxd5 d6 6. Nc3 g6 7. h3 Bg7 8. Bf4 0-0 9. e3 a6 10. a4 Qe7 11. Be2 Nbd7 12. 0-0 Ne8 13. e4 Nc7 14. Nd2 Re8 15. Re1 Rb8 16. Nc4 Ne5 17. Nb6 Nd7 18. Nc4 Ne5 19. Nb6 Na8 20. Nxc8 Rbxc8 21. Bg3 Nd7 22. Qd2 c4 23. Ra3 Nc5 24. Bxc4 Bxc3 25. Rxc3 Nxa4 26. Rcc1 N8b6 27. Ba2 Rxc1 28. Rxc1 Qxe4 29. Bxd6 Qe2 30. Rc2 Qe1+ 31. Qxe1 Rxe1+ 32. Kh2 Rd1 33. Be5 Re1 34. f4 f6 35. Bxf6 Kf7 36. Be5 Ke8 37. b3 1-0

[Event "Lisbon Alekhine Cup 2nd"]
[Site "Lisbon"]
[Date "2025.01.28"]
[Round "1"]
[White "Silva, Lourenco Santa Clar"]
[Black "Barria, Jose"]
[Result "1/2-1/2"]
[WhiteElo "2027"]
[BlackElo "2370"]
[PlyCount "162"]
[EventDate "2025.01.28"]
[EventType "tourn"]
[EventRounds "7"]
[EventCountry "POR"]
[SourceTitle "CB07_2025"]
[SourceDate "2025.02.12"]
[SourceVersion "1"]
[SourceVersionDate "2025.02.12"]
[SourceQuality "1"]

1. e4 c5 2. Nf3 d6 3. d4 cxd4 4. Nxd4 Nf6 5. Nc3 a6 6. h3 e6 7. g4 h6 8. Bg2 Nc6 9. Be3 Qc7 10. f4 Bd7 11. Qe2 Be7 12. 0-0 Rc8 13. Rad1 Nxd4 14. Bxd4 e5 15. Be3 Be6 16. Qf2 b5 17. a3 Nd7 18. f5 Bc4 19. Rfe1 Qd8 20. Qd2 f6 21. Bf1 Bxf1 22. Kxf1 Nb6 23. Bxb6 Qxb6 24. Nd5 Qc6 25. Qe3 Bd8 26. Re2 Qb7 27. Qb3 Rc4 28. Rd3 h5 29. gxh5 Rxh5 30. Rg3 Qf7 31. Qf3 Rh4 32. b3 Rd4 33. Kg2 Rd1 34. Kh2 Rh7 35. Reg2 Re1 36. Rg4 Kf8 37. Qc3 Rxe4 38. Rxe4 Qxd5 39. Reg4 Qb7 40. Qg3 Qd7 41. Rf2 Bb6 42. Rf3 d5 43. Rh4 Rxh4 44. Qxh4 Kg8 45. Qg4 e4 46. Rf1 Qc7+ 47. Kh1 Qxc2 48. Qd1 Qc6 49. Qc1 Qd7 50. Qc2 Kh7 51. Qg2 Qe7 52. Rc1 Qe8 53. Qg4 e3 54. Qg6+ Qxg6 55. fxg6+ Kxg6 56. Rc6 e2 57. Re6 Kf5 58. Rxe2 a5 59. Kg2 Bc5 60. a4 bxa4 61. bxa4 Kf4 62. Rb2 Bb4 63. Kf2 Ke4 64. Ke2 Kd4 65. Rb3 g5 66. Rf3 Ke5 67. Re3+ Kd6 68. Rf3 Ke6 69. Re3+ Kd7 70. Rf3 Be7 71. Kd3 Kd6 72. Kd4 Bd8 73. Rb3 Kc6 74. Rf3 Bb6+ 75. Kd3 Bd8 76. Kd4 Kd6 77. Rb3 f5 78. Rb5 Bf6+ 79. Kd3 Bd8 80. Kd4 Bf6+ 81. Kd3 Bd8 1/2-1/2